000 01734nam1a2200301 i 4500
001 RU\NLR\BIBL_A\011597660
005 20241103095451.0
035 _a(NLR Aleph) 011597660
090 _a10870411
_c10870411
100 _a20171227g20179999u y0rusy50 ca
101 0 _arus
102 _aRU
105 _a||||j||||||||
200 1 _aБетонные, железобетонные и каменные конструкции
_eкурс лекций
_e[в 2 ч.]
_fН.С. Майорова, Л.А. Ерохина
_gМинобрнауки России, Федеральное государственное бюджетное образовательное учреждение высшего образования "Ухтинский государственный технический университет" (УГТУ)
210 _aУхта
_cУГТУ
_d2017
215 _d21
606 _aКаменные конструкции
_jУчебные издания для высших учебных заведений
_91008715
_3RU\NLR\AUTH\6665953
606 _aБетонные конструкции
_jУчебные издания для высших учебных заведений
_91008676
_3RU\NLR\AUTH\6665929
606 _aЖелезобетонные конструкции
_jУчебные издания для высших учебных заведений
_91009276
_3RU\NLR\AUTH\6666275
686 1 _aН51я73-2
686 1 _aН53я73-2
700 1 _aМайорова
_bН. С.
_gНаталья Сергеевна
701 1 _aЕрохина
_bЛ. А.
_gЛариса Алексеевна
852 _aNLR
_j2017-3/36178
942 _cBOOK
980 _aNBR